Multiple Choice City Quiz - Boulder - Statistics

General Stats
  • This quiz has been taken 20 times
  • The average score is 6 of 10
Answer Stats
Question Answer % Correct
Boulder is home to the main campus of which public university? University of Colorado
100%
What is the collective name for five rock formations that lie along the eastern slope of Green Mountain? The Flatirons
83%
What pedestrian mall is located in Downtown Boulder? Pearl Street Mall
75%
A person from Boulder is a ... Boulderite
67%
Boulder is home to which private university? Naropa University
58%
What annual 10 kilometer race is run on Memorial Day? Bolder Boulder
50%
Which of the following sitcoms was set in Boulder? Mork & Mindy
42%
Which of the following astronauts was born in Boulder? Scott Carpenter
42%
Which organization's Mesa Laboratory is located on the redundantly named Table Mesa? NCAR
33%
Which of the following mountains near Boulder is the highest? South Boulder Peak
17%
No matching quizzes found
Score Distribution
Percent of People with Each Score
Percentile by Number Answered
Your Score History
You have not taken this quiz